Rimas

Shranjeno v:
Bibliografske podrobnosti
Main Authors: Echeverría, Esteban (Author), Lorente Medina, Antonio (Author)
Format: Knjiga
Jezik:španščina
Izdano: Madrid Editora Nacional 1984
Serija:Biblioteca de la literatura y el pensamiento hispanicos, 63
Teme:
Oznake: Označite
Brez oznak, prvi označite!

MARC

LEADER 00000nam a2200000 a 4500
001 UCX0533
003 CL-VaPUC
008 891103e19840000SP |||||||||||||||||spa|d
082 0 4 |a Ar861  |b ECH  |2 21 
100 0 |a Echeverría, Esteban  |e author  |9 315949 
700 0 |a Lorente Medina, Antonio  |e author  |9 315950 
245 1 0 |a Rimas 
300 |a 189 p 
942 |c BK 
945 |d 19891103 00:00:00 
260 |a Madrid  |b Editora Nacional  |c 1984 
650 0 |a Poesía argentina  |9 265575 
583 |a last modification  |c 19891103 00:00:00  |k Rodrigo Vera 
490 0 |a Biblioteca de la literatura y el pensamiento hispanicos, 63 
999 |c 222107  |d 222105 
952 |0 0  |1 0  |4 0  |6 AR_861_000000000000000_ECH_1984  |7 0  |8 A  |9 216376  |a BIBEDU  |b BIBEDU  |d 2019-11-15  |i 2849860  |o Ar861 ECH 1984  |p 2849860  |r 2019-11-15  |w 2019-11-15  |y BK  |k LIT